00337nam a2200133 a 4500008004100000020001500041050002100056100001700077245001700094246002700111260004600138300001000184350000900194120416s1996 ||||||||||||||||| || u a0921881401 aHV 6570.9.C3 Dan aDanica, Elly10aBeyond don't adreaming past the dark aCharlottetown, P.E.IbGynergy booksc1996 a158p. a0.00